सतयुग दर्पण / (Record no. 121028)
[ view plain ]
| 000 -LEADER | |
|---|---|
| fixed length control field | 01101nam a22002777a 4500 |
| 003 - CONTROL NUMBER IDENTIFIER | |
| control field | dpl |
| 005 - DATE AND TIME OF LATEST TRANSACTION | |
| control field | 20180906160542.0 |
| 008 - FIXED-LENGTH DATA ELEMENTS--GENERAL INFORMATION | |
| fixed length control field | 180906b xxu||||| |||| 00| 0 eng d |
| 010 ## - LIBRARY OF CONGRESS CONTROL NUMBER | |
| LC control number | B-198927 |
| 020 ## - INTERNATIONAL STANDARD BOOK NUMBER | |
| Terms of availability | 250.00 |
| International Standard Book Number | 81867300516 |
| 035 ## - SYSTEM CONTROL NUMBER | |
| System control number | B-198927, B-198931 |
| 037 ## - SOURCE OF ACQUISITION | |
| Source of stock number/acquisition | Cen Lib/Ret |
| 040 ## - CATALOGING SOURCE | |
| Original cataloging agency | DPL |
| Language of cataloging | HN |
| Transcribing agency | 0 |
| 082 ## - DEWEY DECIMAL CLASSIFICATION NUMBER | |
| Classification number | 230.1 |
| Item number | भाटिया |
| 100 ## - MAIN ENTRY--PERSONAL NAME | |
| Personal name | भाटिया, सुदर्शन |
| 9 (RLIN) | 109093 |
| 245 ## - TITLE STATEMENT | |
| Title | सतयुग दर्पण / |
| Statement of responsibility, etc | सुदर्शन भाटिया |
| 246 ## - VARYING FORM OF TITLE | |
| Title proper/short title | Satyug darpan / |
| Remainder of title | by Sudarshan Bhatiya |
| 260 ## - PUBLICATION, DISTRIBUTION, ETC. (IMPRINT) | |
| Place of publication, distribution, etc | दिल्ली |
| Name of publisher, distributor, etc | राज पब्लिशिंग हाउस |
| Date of publication, distribution, etc | 2006 |
| 270 ## - ADDRESS | |
| City | दिल्ली |
| Address | 1/5123पुराना सीलमपुर (पूर्व) |
| Postal code | 110031 |
| 300 ## - PHYSICAL DESCRIPTION | |
| Extent | 232पृ. : |
| Dimensions | 21सेमी(सजिल्द ) |
| Other physical details | सचित्र |
| 650 ## - SUBJECT ADDED ENTRY--TOPICAL TERM | |
| Topical term or geographic name as entry element | मार्ग दर्शन |
| General subdivision | |
| Geographic subdivision | |
| 9 (RLIN) | 92667 |
| 650 ## - SUBJECT ADDED ENTRY--TOPICAL TERM | |
| Topical term or geographic name as entry element | पुराण |
| 9 (RLIN) | 109094 |
| 650 ## - SUBJECT ADDED ENTRY--TOPICAL TERM | |
| Topical term or geographic name as entry element | Guidance |
| 9 (RLIN) | 94055 |
| 650 ## - SUBJECT ADDED ENTRY--TOPICAL TERM | |
| Topical term or geographic name as entry element | Mythology |
| 9 (RLIN) | 39439 |
| 942 ## - ADDED ENTRY ELEMENTS (KOHA) | |
| Source of classification or shelving scheme | Dewey Decimal Classification |
| Koha item type | Hindi Books |
| Classification part | 230.1 |
| Call number suffix | भाटिया |
| Withdrawn status | Lost status | Damaged status | Not for loan | Home library | Current library | Date acquired | Source of acquisition | Cost, normal purchase price | Total Checkouts | Full call number | Barcode | Date last seen | Date checked out | Copy number | Cost, replacement price | Price effective from | Koha item type | Source of classification or shelving scheme | Collection code | Total Renewals |
|---|---|---|---|---|---|---|---|---|---|---|---|---|---|---|---|---|---|---|---|---|
| Central Library | Central Library | 30/09/2015 | Cen Lib/Ret | 250.00 | 2 | 230.1 भाटिया | B-198927 | 11/07/2019 | 28/06/2019 | 1 | 250.00 | 30/09/2015 | Hindi Books | |||||||
| Shahdara Branch | Shahdara Branch | 06/09/2018 | BPPD/PUB | 250.00 | 5 | 230.1 भाटिया | B-198931 | 06/01/2025 | 30/12/2024 | 250.00 | 06/09/2018 | Hindi Books | Dewey Decimal Classification | Non-fiction | 1 |
